000 00774nam a2200205Ii 4500
003 JO-AjNU
008 230605s9999||||xx |||||||||||||| ||und||
017 _a1999/4/536
040 _aJO-AjNU
_bara
_erda
_cJO-AjNU
041 _aara
050 1 4 _aQA76.W56 1999
100 3 _aتحرير النجار ، مصلح عبد الفتاح ,
_eauthor
_945897
245 0 0 _aالمرجع السهل كيف تحدد مواصفات جهاز الكمبيوتر الخاص بك
264 3 1 _aاربد :شركة النجار للكمبيوتر ،1999
300 _a430ص
336 _atext
_btxt
_2rdacontent
337 _aunmediated
_bn
_2rdamedia
338 _avolume
_bnc
_2rdacarrier
650 4 _aالمعارف العامه -برمجة الحاسوب-نظم وتشغيل
_945898
999 _aA19928
_c23496
_d23496